<?xml version="1.0" encoding="UTF-8"?><?xml-stylesheet type="text/xsl" href="static/style.xsl"?><OAI-PMH xmlns="http://www.openarchives.org/OAI/2.0/" xmlns:xsi="http://www.w3.org/2001/XMLSchema-instance" xsi:schemaLocation="http://www.openarchives.org/OAI/2.0/ http://www.openarchives.org/OAI/2.0/OAI-PMH.xsd"><responseDate>2026-04-18T00:06:03Z</responseDate><request verb="GetRecord" identifier="oai:www.recercat.cat:10459.1/467388" metadataPrefix="marc">https://recercat.cat/oai/request</request><GetRecord><record><header><identifier>oai:recercat.cat:10459.1/467388</identifier><datestamp>2025-09-15T18:12:56Z</datestamp><setSpec>com_2072_3622</setSpec><setSpec>col_2072_479130</setSpec></header><metadata><record xmlns="http://www.loc.gov/MARC21/slim" xmlns:dcterms="http://purl.org/dc/terms/" xmlns:xsi="http://www.w3.org/2001/XMLSchema-instance" xmlns:doc="http://www.lyncode.com/xoai" xsi:schemaLocation="http://www.loc.gov/MARC21/slim http://www.loc.gov/standards/marcxml/schema/MARC21slim.xsd">
   <leader>00925njm 22002777a 4500</leader>
   <datafield ind2=" " ind1=" " tag="042">
      <subfield code="a">dc</subfield>
   </datafield>
   <datafield ind2=" " ind1=" " tag="720">
      <subfield code="a">Viceconte, Milena</subfield>
      <subfield code="e">author</subfield>
   </datafield>
   <datafield ind2=" " ind1=" " tag="260">
      <subfield code="c">2025-01-15</subfield>
   </datafield>
   <datafield ind2=" " ind1=" " tag="520">
      <subfield code="a">En el contexto de la religiosidad vinculadas a los terremotos del Reino de Guatemala, fueron varios los santos invocados por las comunidades para lidiar con el azote sísmico. En particular, destaca la devoción hacia san Emigdio, un santo mártir celebrado en las fuentes hagiográficas por su labor como obispo de Ascoli, en Italia, y que desde 1703 se venera como protector celestial contra los fenómenos telúricos. Este artículo pretende explorar, analizando la documentación de archivo y las fuentes visuales de la época, aspectos vinculados con el origen y la promoción de este culto en la segunda mitad del siglo XVIII, cuando Emigdio se consagró como protector oficial de Ciudad de Guatemala. La producción figurativa atestigua el fermento devocional hacia este santo, especialmente mediante pinturas de mediano formato localizadas en iglesias, museos y colecciones privadas. El análisis de las diversas representaciones del santo que se han podido rastrear ha revelado una coherencia en la apariencia iconográfica, basada en un modelo común codificado entre Nápoles y España. Se trata de una primera aproximación a la historia de esta devoción, que sigue una tendencia también compartida en otros territorios americanos amenazados por los terremotos.</subfield>
   </datafield>
   <datafield ind2=" " ind1=" " tag="520">
      <subfield code="a">In the field of the religiosity linked to the earthquakes in the Kingdom of Guatemala, several saints were invoked by the communities to deal with the seismic scourge. Among them, there is St Emygdius, a martyr saint celebrated in hagiographic sources for his work as bishop of Ascoli, in Italy, and venerated since 1703 as a heavenly protector against telluric phenomena, is particularly noteworthy. This article aims to explore, by analyzing archival documentation and visual sources of the period, aspects linked to the origin and promotion of this cult in the second half of the 18th century, when Emigdio was consecrated as the official protector of Ciudad de Guatemala. Figurative production reflects the devotional enthusiasm for this saint, especially in the medium-sized paintings found in churches, museums and private collections. A survey of the various representations of the saint that have been found has revealed a certain coherence in the iconographic appearance, based on a common model codified between Naples and Spain. This is a first approximation to the history of this devotion, which follows a pattern also shared in other American territories frequently threatened by earthquakes.</subfield>
   </datafield>
   <datafield ind2=" " ind1=" " tag="520">
      <subfield code="a">El presente trabajo se ha realizado en el marco del proyecto de investigación europeo Disasters, Communication and Politics in Southwestern Europe: the Making of
Emergency Response Policies in the Early Modern Age (DisComPoSE), Universidad
Federico II de Nápoles, proyecto financiado por el European Research Council (grant
agreement No. 759829)</subfield>
   </datafield>
   <datafield tag="653" ind2=" " ind1=" ">
      <subfield code="a">Devoción</subfield>
   </datafield>
   <datafield tag="653" ind2=" " ind1=" ">
      <subfield code="a">Guatemala</subfield>
   </datafield>
   <datafield tag="653" ind2=" " ind1=" ">
      <subfield code="a">Iconografía</subfield>
   </datafield>
   <datafield tag="653" ind2=" " ind1=" ">
      <subfield code="a">San Emigdio</subfield>
   </datafield>
   <datafield tag="653" ind2=" " ind1=" ">
      <subfield code="a">Terremotos</subfield>
   </datafield>
   <datafield tag="653" ind2=" " ind1=" ">
      <subfield code="a">Devotion</subfield>
   </datafield>
   <datafield tag="653" ind2=" " ind1=" ">
      <subfield code="a">Iconography</subfield>
   </datafield>
   <datafield tag="653" ind2=" " ind1=" ">
      <subfield code="a">St Emygdius</subfield>
   </datafield>
   <datafield tag="653" ind2=" " ind1=" ">
      <subfield code="a">Earthquakes</subfield>
   </datafield>
   <datafield ind2="0" ind1="0" tag="245">
      <subfield code="a">Vulnerabilidad y devoción: San Emigdio patrón tutelar contra los terremotos en Guatemala</subfield>
   </datafield>
   <datafield ind2="0" ind1="0" tag="245">
      <subfield code="a">Vulnerability and devotion: St Emygdius, a divine protector against Guatemala earthquakes</subfield>
   </datafield>
</record></metadata></record></GetRecord></OAI-PMH>